| Tag |
First Indicator |
Second Indicator |
Subfields |
| LEADER |
00000pam a2200000 4500 |
| 001 |
in00000039638 |
| 005 |
20151007064510.0 |
| 008 |
740812r19741774nyu 00001 eng |
| 010 |
|
|
|a 74017038
|
| 020 |
|
|
|a 0824012054
|
| 035 |
|
|
|a (OCoLC)01009717
|
| 035 |
|
|
|9 AAD9975AM
|
| 040 |
|
|
|a DLC
|c DLC
|d TXA
|d UtOrBLW
|
| 049 |
|
|
|a TXAM
|c [981275]
|
| 050 |
0 |
0 |
|a PZ3.J6522
|b Hi5
|a PR3539.J25
|
| 082 |
0 |
|
|a 823/.6
|
| 100 |
1 |
|
|a Johnstone, Charles,
|d 1719?-1800?
|
| 245 |
1 |
4 |
|a The history of Arsaces.
|
| 264 |
|
1 |
|a New York :
|b Garland Pub.,
|c 1974.
|
| 300 |
|
|
|a xx, 303, viii, 278 pages ;
|c 18 cm.
|
| 336 |
|
|
|a text
|b txt
|2 rdacontent
|
| 337 |
|
|
|a unmediated
|b n
|2 rdamedia
|
| 338 |
|
|
|a volume
|b nc
|2 rdacarrier
|
| 490 |
1 |
|
|a The Flowering of the novel
|
| 500 |
|
|
|a Reprint of the 1774 edition, printed for T. Becket, London.
|
| 830 |
|
0 |
|a Flowering of the novel.
|
| 999 |
|
|
|a MARS
|
| 999 |
f |
f |
|s eb8680d4-03fe-3892-9120-52f6ef30b930
|i 4d5e2bd2-92d2-3979-a184-91443a73de12
|t 0
|
| 952 |
f |
f |
|p ric
|a Texas A&M University
|b Rellis Campus
|c Joint Library Facility
|d Remote Storage
|t 0
|e PZ3.J6522 Hi5
|h Library of Congress classification
|i unmediated -- volume
|m A14804246493
|
| 998 |
f |
f |
|a PZ3.J6522 Hi5
|t 0
|l Remote Storage
|